000 00378 a2200169 4500
001 74553
020 _a850804754-1
040 _cAnchieta - Colégio São Paulo
100 _aAnastasia, Carla
240 1 0 _aInconfidência mineira
_lpor
245 1 0 _aInconfidência mineira
300 _a40
362 0 _a1995
440 1 _aÁtica
650 4 _aHistória de MG
942 _cBK
999 _c74553
_d74553